000 00831aam a2200325 4500
005 20250819132559.0
008 150423b xxu||||| |||| 00| 0 spa d
020 _a9789702406556
041 _aESP
082 _a340 M481d
100 _aMeade Hervert, Oliver
_918614
245 _aEl Derecho
260 _aMéxico
260 _bGrupo Editorial Patria
260 _c2007
300 _a278 páginas
490 _aDirección y Administración de Empresas
490 _aInvestigación Criminal
650 _aDERECHO
650 _aNORMAS
650 _aORDEN JURÍDICO
650 _aESTADO
650 _aADMINISTRACIÓN PÚBLICA
650 _aDERECHO TRIBUTARIO
650 _aDERECHO MERCANTIL
650 _aDERECHO CONSTITUCIONAL
650 _aDERECHO PENAL
650 _aDERECHO LABORAL
942 _cBK
_2ddc
999 _c2165
_d2165